| 000 | 00737nam a2200229 i 4500 | ||
|---|---|---|---|
| 001 | 82081 | ||
| 003 | ES-MaACL | ||
| 005 | 20250809063506.0 | ||
| 007 | t| | ||
| 008 | 041122s2003 fr ||||1| fre d | ||
| 020 | _a2-914444-095 | ||
| 080 | _a929 Matamoros, Manuel | ||
| 080 | _a284(460)"18" | ||
| 100 | 1 |
_aVilar, Juan Bautista, _d1941-2018 _9114797 |
|
| 245 | 1 | 0 |
_aManuel Matamoros _b: fondateur du protestantisme espagnol contemporaine / _cJuan B. Vilar. |
| 260 |
_a[S.l.] : _bGascogne, _c[2003] |
||
| 300 |
_a119 p. : _bil. ; _c21 cm. |
||
| 600 | 1 | 4 |
_aMatamoros, Manuel- _xBiografías. _978920 |
| 650 | 1 | 4 |
_aProtestantismo- _zEspaña- _yS.XIX. _916522 |
| 852 |
_aES-MaACL _jL-28509 _bR.134353 |
||
| 999 |
_c82081 _d82081 |
||